| 000 | 00867nam a22002417a 4500 | ||
|---|---|---|---|
| 005 | 20100813115918.0 | ||
| 010 | _aENG-100453 | ||
| 020 |
_c245.00 _a9788186685365 |
||
| 035 | _aEN-83986 | ||
| 037 | _bDBAD/PUB | ||
| 082 | _a793.31954 | ||
| 100 |
_aShivaji, Bharati _913231 |
||
| 245 |
_aMohiniyattam / _cby Bharati Shivaji [and] Vijayalakshmi ; Photograpes Avinash Pasricha |
||
| 260 |
_aNew Delhi _bWisdom Tree _c2004 |
||
| 270 |
_aC-209/1 Mayapuri, Phase-II _bNew Delhi _e110064 |
||
| 300 |
_a94p. _c16cm (Hb) _bill |
||
| 490 |
_aDances of India ; Alka Raghuvanshi _913232 |
||
| 650 |
_aDance _913233 |
||
| 650 | _aIndia | ||
| 700 |
_913048 _aVilayalakshmi |
||
| 942 |
_2ddc _cEN _h793.31954 _mSHI |
||
| 999 |
_c41852 _d41852 |
||